000 00615nam a22001817a 4500
003 UA-OsUOA
001 15569
007 ta
008 20031118b un ||||| |||| 00| 0 ukr d
100 _aСвірський Р.
942 _cSA
040 _aUA-OsUOA
_cUA-OsUOA
_dUA-OsUOA
245 _aПроект розвитку приватного підприємництва в північних районах Рівненської області
300 _aС.2-3
955 _a0
773 0 _w0
_tСервіс-Контакт
_dРівне
_d2003
_g№6/4 черв./
650 7 _aКраєзнавча робота
_2UDC
999 _c301734
_d301734